000 00338nam a2200133Ia 4500
008 260604s9999 xx 000 0 und d
020 _a9781403942197
082 _a337 PIG
100 _aJudith piggott
_935730
245 0 _aInternational Business Economics
260 _bRed Globe Press
500 _aInternational Economics
942 _cBK
999 _c8556
_d8556